[Event "Bucaramanga Feria op 2nd"]
[Site "Bucaramanga"]
[Date "2013.09.22"]
[Round "7"]
[White "Rivera, Darwin"]
[Black "Berbesi, Sarai"]
[Result "0-1"]
[WhiteElo "1474"]
[BlackElo "1638"]
[PlyCount "104"]
[EventDate "2013.09.20"]
[EventType "swiss"]
[EventRounds "7"]
[EventCountry "COL"]
[SourceTitle "CBM 156 Extra"]
[Source "ChessBase"]
[SourceDate "2013.10.22"]
[SourceVersion "1"]
[SourceVersionDate "2013.10.22"]
[SourceQuality "1"]

1. e4 e5 2. Nf3 Nc6 3. Nc3 Nf6 4. Bc4 Bc5 5. d3 h6 6. a3 d6 7. h3 0-0 8. Qe2 Re8 9. 0-0 Be6 10. Rd1 a6 11. Be3 b5 12. Bd5 Bxd5 13. Nxd5 Nxd5 14. exd5 Nd4 15. Qd2 Nxf3+ 16. gxf3 Bxe3 17. fxe3 Qg5+ 18. Kf1 Rac8 19. e4 Qg3 20. Qg2 Qxg2+ 21. Kxg2 c6 22. Rac1 cxd5 23. exd5 Rc5 24. Re1 Rxd5 25. f4 f6 26. Re4 Rc8 27. c4 Rxd3 28. fxe5 dxe5 29. c5 Rc6 30. Re2 Kf7 31. Rec2 Ke6 32. Kf1 Rxh3 33. Rc3 Rxc3 34. Rxc3 Kd5 35. b4 Kd4 36. Rc1 e4 37. Rd1+ Ke5 38. Ke2 g5 39. Ke3 a5 40. Rd6 Rxd6 41. cxd6 Kxd6 42. Kxe4 axb4 43. axb4 Ke6 44. Kd4 g4 45. Kc5 g3 46. Kxb5 g2 47. Ka6 g1Q 48. b5 Qa1+ 49. Kb7 Kd7 50. b6 Qc3 51. Kb8 Qc6 52. b7 Qb6 0-1

[Event "Bucaramanga Feria op 2nd"]
[Site "Bucaramanga"]
[Date "2013.09.21"]
[Round "4"]
[White "Guerra Verano, Diana"]
[Black "Rivera, Darwin"]
[Result "1-0"]
[WhiteElo "1568"]
[BlackElo "1474"]
[PlyCount "69"]
[EventDate "2013.09.20"]
[EventType "swiss"]
[EventRounds "7"]
[EventCountry "COL"]
[SourceTitle "CBM 156 Extra"]
[Source "ChessBase"]
[SourceDate "2013.10.22"]
[SourceVersion "1"]
[SourceVersionDate "2013.10.22"]
[SourceQuality "1"]

1. e4 Nf6 2. f3 Nc6 3. Nc3 d5 4. exd5 Nxd5 5. Nge2 e6 6. d3 Bb4 7. Bd2 Bd7 8. a3 Ba5 9. b4 Bb6 10. b5 Nce7 11. a4 a6 12. g3 e5 13. Bg2 c6 14. a5 Bc7 15. b6 Bd6 16. Ne4 Qb8 17. c4 Nb4 18. Qb1 c5 19. Bxb4 cxb4 20. c5 Bxc5 21. Nxc5 Nd5 22. Nxd7 Kxd7 23. d4 f6 24. dxe5 Qxe5 25. Qd1 Kc6 26. 0-0 Ne3 27. Qa4+ Kd6 28. Qxb4+ Kd7 29. Qd2+ Ke8 30. Rfd1 Nxd1 31. Rxd1 Qe7 32. Re1 Kf8 33. Nf4 Qd8 34. Ne6+ Kf7 35. Nxd8+ 1-0